000 00448nam a2200181Ia 4500
008 220531s9999 xx 000 0 und d
041 _aeng
082 _a301
_bSUT
100 _aSutherland¸ R. L. And Others
_938248
245 _aIntroductory Sociology
250 _a6th
260 _aCalcutta
_bOxford
_c1961
300 _a403
542 _d24-11-1997
650 _aSociology
_938249
906 _d1997-1998
_f5721
999 _c23181
_d23181